| 000 | 00782cam a22002533a 4500 | ||
|---|---|---|---|
| 001 | 14665 | ||
| 003 | PGUSA | ||
| 005 | 20140828083319.0 | ||
| 008 | 050111s2005||||xxu|||||s|||||000 1 eng d | ||
| 040 |
_aPGUSA _beng |
||
| 042 | _adc | ||
| 050 | 4 | _aPZ | |
| 100 | 1 | _aRockwood, Roy | |
| 245 | 1 | 0 |
_aThrough the Air to the North Pole : _bOr, The Wonderful Cruise of the Electric Monarch _h[electronic resource] / _cRoy Rockwood |
| 260 |
_bProject Gutenberg, _c2005 |
||
| 500 | _aGreat Marvel Series: Volume 1 | ||
| 506 | _aPublic domain in the USA. | ||
| 516 | _aElectronic text | ||
| 653 | _aAirships -- Juvenile fiction | ||
| 653 | _aArctic regions -- Juvenile fiction | ||
| 830 | 0 |
_aProject Gutenberg _v14665 |
|
| 856 | 4 | 0 | _uhttp://www.gutenberg.org/ebooks/14665 |
| 942 | _cEB | ||
| 999 |
_c243920 _d243920 |
||